[Event "IV Festival Isola Verde A"]
[Site "Ischia"]
[Date "2012.07.28"]
[Round "6"]
[White "Caputi, Nicola"]
[Black "Frank-Nielsen, Marie"]
[Result "1/2-1/2"]
[WhiteElo "2029"]
[BlackElo "1983"]
[PlyCount "105"]
[EventDate "2012.07.22"]
[EventCountry "ITA"]
[SourceDate "2005.09.12"]

1. c4 Nf6 2. g3 g6 3. Bg2 Bg7 4. Nc3 O-O 5. d4 d6 6. Nf3 Nbd7 7. O-O e5 8. e4
exd4 9. Nxd4 a6 10. h3 Re8 11. Be3 Nc5 12. Qc2 Qe7 13. Rfe1 c6 14. f4 Nfxe4 15.
Nxe4 Nxe4 16. Bxe4 Bxh3 17. Bf2 Qd7 18. Rad1 d5 19. cxd5 cxd5 20. Bf3 Qd6 21.
Qb3 Red8 22. Re2 h5 23. Nc2 Be6 24. Nd4 Bh3 25. Rde1 Bf6 26. Kh2 Bd7 27. f5 g5
28. Bxh5 Kg7 29. Kg2 Rh8 30. Bf3 Bc6 31. Qd3 Bd7 32. Rh1 Rxh1 33. Kxh1 Rc8 34.
Kg2 Rg8 35. Nb3 Bb5 36. Qd2 Bxe2 37. Qxe2 Rd8 38. Qd2 b5 39. Bd4 Bxd4 40. Qxg5+
Kh7 41. Nxd4 Rg8 42. Qh5+ Kg7 43. Ne2 Kf8 44. f6 Qxf6 45. Qxd5 Rg5 46. Qa8+ Kg7
47. b3 b4 48. Qb8 a5 49. Qe8 Qb2 50. Qa4 Re5 51. Kf2 Qd2 52. Kf1 Qd1+ 53. Kf2
1/2-1/2

[Event "IV Festival Isola Verde A"]
[Site "Ischia"]
[Date "2012.07.28"]
[Round "6"]
[White "Fredericia, Louise"]
[Black "Kutirov, Rolando"]
[Result "0-1"]
[WhiteElo "2081"]
[BlackElo "2324"]
[PlyCount "72"]
[EventDate "2012.07.22"]
[EventCountry "ITA"]
[SourceDate "2005.09.12"]

1. e4 e6 2. d3 d5 3. Nd2 Nf6 4. g3 b6 5. Bg2 Bb7 6. e5 Nfd7 7. Qe2 Nc6 8. Ngf3
Nb4 9. Nf1 c5 10. h4 h6 11. N1h2 Qc7 12. O-O d4 13. Bd2 Nc6 14. Rfe1 g6 15. a3
Bg7 16. h5 gxh5 17. Bf4 Ne7 18. c3 dxc3 19. d4 cxb2 20. Qxb2 c4 21. Rac1 Rc8
22. Nh4 Bxg2 23. Nxg2 Nd5 24. Be3 Qb7 25. Qe2 b5 26. Qxh5 N7b6 27. Nf4 Nxf4 28.
Bxf4 Nd5 29. Be3 a5 30. Ng4 b4 31. Bxh6 Bxh6 32. Nxh6 Qe7 33. Kg2 b3 34. Qe2
Rxh6 35. Rxc4 Rxc4 36. Qxc4 Qb7 0-1

[Event "IV Festival Isola Verde A"]
[Site "Ischia"]
[Date "2012.07.28"]
[Round "6"]
[White "Kizov, Atanas"]
[Black "Chiang, Michael"]
[Result "0-1"]
[WhiteElo "2418"]
[BlackElo "2144"]
[PlyCount "88"]
[EventDate "2012.07.22"]
[EventCountry "ITA"]
[SourceDate "2005.09.12"]

1. d4 Nf6 2. Nf3 e6 3. g3 b5 4. Bg2 Bb7 5. O-O c5 6. c3 Be7 7. Bg5 O-O 8. Bxf6
Bxf6 9. dxc5 Na6 10. Nd4 Bxg2 11. Kxg2 Nxc5 12. Nd2 Qb6 13. N2b3 Na4 14. Rb1 d5
15. Qd3 Rab8 16. e4 Rfd8 17. Rfe1 dxe4 18. Qxe4 Rbc8 19. a3 Rxc3 20. bxc3 Nxc3
21. Qf3 Nxb1 22. Rxb1 Bxd4 23. Nxd4 Qxd4 24. Rxb5 g6 25. h4 Rd5 26. Rb4 Qc5 27.
Qf6 Qc7 28. Qb2 Qe5 29. Rb8+ Kg7 30. Qb4 Rc5 31. Rd8 a5 32. Qb7 Rd5 33. Rb8
Qe4+ 34. Kh2 Qe2 35. Qb2+ Qxb2 36. Rxb2 Rd3 37. Ra2 a4 38. Kg2 h5 39. Kf1 Kf6
40. Ke2 Rb3 41. Ra1 Kf5 42. Kd2 e5 43. Kc1 e4 44. Kc2 Kg4 0-1

[Event "IV Festival Isola Verde A"]
[Site "Ischia"]
[Date "2012.07.28"]
[Round "6"]
[White "Meijers, Viesturs"]
[Black "Hristodorescu, Daniel"]
[Result "1/2-1/2"]
[WhiteElo "2485"]
[BlackElo "2229"]
[PlyCount "154"]
[EventDate "2012.07.22"]
[EventCountry "ITA"]
[SourceDate "2005.09.12"]

1. Nf3 Nf6 2. c4 g6 3. b3 Bg7 4. Bb2 O-O 5. g3 c5 6. Bg2 Nc6 7. O-O d6 8. d4
cxd4 9. Nxd4 Bd7 10. Nc2 Qa5 11. Nd2 Qh5 12. Nf3 Rad8 13. Ne3 Ng4 14. Nxg4 Bxb2
15. Rb1 Bg7 16. Ne3 Qa5 17. a4 Qc5 18. Ne1 a5 19. Nd3 Qa7 20. Nd5 h5 21. Qd2
Bf5 22. Rbd1 Kh7 23. Kh1 Bh6 24. f4 Bg7 25. h3 Bxd3 26. Qxd3 e6 27. Nc3 Nd4 28.
Nb5 Nxb5 29. axb5 b6 30. Qc2 Qc7 31. Rd2 Qc5 32. Rfd1 Bf6 33. Rd3 d5 34. R1d2
Rc8 35. e4 dxc4 36. bxc4 Qxc4 37. Qxc4 Rxc4 38. Rd6 Rc1+ 39. Kh2 Be7 40. Rc6
Bc5 41. h4 a4 42. e5 Rb1 43. Rd7 a3 44. Ra7 Rxb5 45. g4 hxg4 46. Kg3 Rb2 47.
Be4 Kh6 48. Kxg4 a2 49. Rcc7 Re2 50. Bd3 Rd2 51. Bc4 Rg2+ 52. Kh3 Rc2 53. Bxa2
Rd8 54. Ra3 Rdd2 55. Bb1 Rh2+ 56. Kg4 Rb2 57. Ra1 Rhg2+ 58. Kh3 Rg1 59. Rxf7
Rb3+ 60. Kh2 Rgxb1 61. Rxb1 Rxb1 62. Rf6 Kh5 63. Rxe6 b5 64. Rc6 Be7 65. Kg2 b4
66. Rc7 Bxh4 67. Kf3 Rb3+ 68. Ke4 Bf2 69. f5 gxf5+ 70. Kxf5 Rf3+ 71. Ke4 Rc3
72. Rb7 Bc5 73. e6 Kg6 74. Kd5 Kf6 75. Rf7+ Kg6 76. Rc7 Kf6 77. Rf7+ Kg6
1/2-1/2

[Event "IV Festival Isola Verde A"]
[Site "Ischia"]
[Date "2012.07.28"]
[Round "6"]
[White "Todorov, Todor"]
[Black "Matthiesen, Arne"]
[Result "1-0"]
[WhiteElo "2469"]
[BlackElo "2336"]
[PlyCount "65"]
[EventDate "2012.07.22"]
[EventCountry "ITA"]
[SourceDate "2005.09.12"]

1. e4 e6 2. d4 d5 3. Nd2 c5 4. dxc5 Nf6 5. exd5 Qxd5 6. Nb3 Qxd1+ 7. Kxd1 Nc6
8. Bb5 Bd7 9. Nf3 a6 10. Bc4 Ng4 11. Ke2 Nce5 12. Nxe5 Nxe5 13. Bd3 Bc6 14. f3
Nxd3 15. cxd3 O-O-O 16. Be3 Be7 17. Na5 Bd5 18. Rac1 Bf6 19. c6 Bxb2 20. cxb7+
Kb8 21. Rc2 Be5 22. Rhc1 g5 23. g3 h6 24. a4 f5 25. Rc8+ Rxc8 26. bxc8=Q+ Rxc8
27. Ba7+ Kxa7 28. Rxc8 g4 29. fxg4 fxg4 30. Nc4 Bd4 31. Rc7+ Kb8 32. Rh7 Bf3+
33. Kf1 1-0

[Event "IV Festival Isola Verde A"]
[Site "Ischia"]
[Date "2012.07.29"]
[Round "7"]
[White "Dragojlovic, Andjelko"]
[Black "Groh, Jiri"]
[Result "1-0"]
[WhiteElo "2367"]
[BlackElo "2054"]
[PlyCount "30"]
[EventDate "2012.07.22"]
[EventCountry "ITA"]
[SourceDate "2005.09.12"]

1. e4 c5 2. Nf3 Nc6 3. g3 g6 4. d3 Bg7 5. Bg2 d6 6. c3 Nf6 7. O-O O-O 8. Nbd2
e5 9. a4 d5 10. Re1 d4 11. Nc4 Qc7 12. cxd4 cxd4 13. b4 Nxb4 14. Ba3 a5 15.
Nxa5 Re8 1-0

[Event "IV Festival Isola Verde A"]
[Site "Ischia"]
[Date "2012.07.29"]
[Round "7"]
[White "Frank-Nielsen, Marie"]
[Black "Melich, Jindrich"]
[Result "1/2-1/2"]
[WhiteElo "1983"]
[BlackElo "2104"]
[PlyCount "23"]
[EventDate "2012.07.22"]
[EventCountry "ITA"]
[SourceDate "2005.09.12"]

1. e4 d6 2. d4 Nf6 3. Nc3 g6 4. h3 Bg7 5. Be3 c6 6. g4 h5 7. g5 Nfd7 8. Qd2 b5
9. f4 Nb6 10. Nf3 d5 11. e5 Nc4 12. Bxc4 1/2-1/2

[Event "IV Festival Isola Verde A"]
[Site "Ischia"]
[Date "2012.07.29"]
[Round "7"]
[White "Matthiesen, Arne"]
[Black "Chiang, Michael"]
[Result "1-0"]
[WhiteElo "2336"]
[BlackElo "2144"]
[PlyCount "75"]
[EventDate "2012.07.22"]
[EventCountry "ITA"]
[SourceDate "2005.09.12"]

1. Nf3 Nf6 2. g3 d5 3. Bg2 Nc6 4. d4 Bf5 5. O-O e6 6. c4 a6 7. cxd5 exd5 8. Nc3
Be7 9. Ne5 O-O 10. Bf4 Na5 11. b3 Rc8 12. Qd2 Bb4 13. Nd3 Bxd3 14. Qxd3 Nc6 15.
Be5 Bxc3 16. Qxc3 Re8 17. Bxf6 Qxf6 18. e3 Qf5 19. Rfc1 Nd8 20. Qc5 Re4 21.
Bxe4 Qxe4 22. Qc2 Qg4 23. Kg2 Ne6 24. f3 Qh5 25. Rf1 Re8 26. Rae1 g6 27. Qf2 f5
28. b4 Ng5 29. h4 Nf7 30. e4 fxe4 31. fxe4 Nd6 32. e5 Nf5 33. Kh3 Nh6 34. Qf4
Nf5 35. e6 c6 36. g4 Qxh4+ 37. Kg2 Nd6 38. Qxd6 1-0

[Event "IV Festival Isola Verde A"]
[Site "Ischia"]
[Date "2012.07.29"]
[Round "7"]
[White "Todorov, Todor"]
[Black "Naumkin, Igor"]
[Result "1-0"]
[WhiteElo "2469"]
[BlackElo "2463"]
[PlyCount "59"]
[EventDate "2012.07.22"]
[EventCountry "ITA"]
[SourceDate "2005.09.12"]

1. e4 e6 2. d4 d5 3. Nd2 c5 4. Ngf3 cxd4 5. Nxd4 Nf6 6. Bb5+ Bd7 7. Bxd7+ Nbxd7
8. exd5 Nxd5 9. O-O Be7 10. c4 N5b6 11. b3 O-O 12. Bb2 a6 13. Qe2 Nf6 14. Rad1
Qc7 15. Rfe1 Nbd7 16. N2f3 Rad8 17. Nxe6 fxe6 18. Qxe6+ Rf7 19. Ng5 Rdf8 20.
Re3 Qb6 21. Qxb6 Nxb6 22. Nxf7 Rxf7 23. Bxf6 Bxf6 24. Re8+ Rf8 25. Re6 Nc8 26.
Rd7 b5 27. c5 a5 28. g3 b4 29. Ra6 Bd8 30. Ra8 1-0

[Event "Students Op 2013"]
[Site "Ulyanovsk"]
[Date "2013.03.23"]
[Round "1.1"]
[White "Ulanov, Alexandr"]
[Black "Sinicin, Vladimir V"]
[Result "1-0"]
[WhiteElo "2390"]
[BlackElo "1561"]
[PlyCount "51"]
[EventDate "2013.04.07"]
[EventType "swiss"]
[EventRounds "9"]
[EventCountry "RUS"]
[SourceDate "2005.09.12"]

1. d4 e6 2. c4 b6 3. Nf3 c5 4. d5 exd5 5. cxd5 Bb7 6. Nc3 Nf6 7. e4 d6 8. Bd3
Ba6 9. Bxa6 Nxa6 10. Qa4+ Qd7 11. Qxa6 g6 12. e5 Ng4 13. Ne4 Bg7 14. Nxd6+ Ke7
15. Bf4 h6 16. h3 g5 17. Bg3 Nxe5 18. Nxe5 Bxe5 19. Bxe5 f6 20. Bg3 f5 21. Be5
Rhf8 22. O-O-O f4 23. Rhe1 h5 24. Bg7+ Kxd6 25. Re6+ Kc7 26. Bxf8 1-0

[Event "Students Op 2013"]
[Site "Ulyanovsk"]
[Date "2013.03.23"]
[Round "1.2"]
[White "Stepanova, Alla"]
[Black "Saveliev, Dmitri"]
[Result "0-1"]
[WhiteElo "1550"]
[BlackElo "2106"]
[PlyCount "50"]
[EventDate "2013.04.07"]
[EventType "swiss"]
[EventRounds "9"]
[EventCountry "RUS"]
[SourceDate "2005.09.12"]

1. d4 Nf6 2. c4 c5 3. Nf3 e6 4. Nc3 d5 5. e3 Nc6 6. Be2 cxd4 7. exd4 Be7 8. a3
dxc4 9. Bxc4 O-O 10. O-O b6 11. Re1 Bb7 12. Be3 Na5 13. Ba2 Rc8 14. Ne5 Nd5 15.
Nxd5 Bxd5 16. Bxd5 Qxd5 17. b4 Nc4 18. Nxc4 Rxc4 19. Qb3 Rfc8 20. Red1 a5 21.
bxa5 bxa5 22. Rab1 a4 23. Qa2 h6 24. Rb2 Qh5 25. Rdb1 Rc1+ 0-1

[Event "Students Op 2013"]
[Site "Ulyanovsk"]
[Date "2013.03.23"]
[Round "1.3"]
[White "Mirzaev, Aziz"]
[Black "Kalashnikov, Nikolaj"]
[Result "1-0"]
[WhiteElo "2182"]
[BlackElo "1541"]
[PlyCount "61"]
[EventDate "2013.04.07"]
[EventType "swiss"]
[EventRounds "9"]
[EventCountry "RUS"]
[SourceDate "2005.09.12"]

1. e4 e5 2. Nf3 d6 3. Bc4 Be7 4. O-O Nf6 5. Nc3 Bg4 6. h3 Bh5 7. d3 Nbd7 8. g4
Bg6 9. Be3 Nb6 10. Bb3 Qd7 11. Ne1 h5 12. f3 hxg4 13. hxg4 O-O-O 14. a4 a5 15.
Nb5 Rh7 16. Rf2 Rdh8 17. Kf1 Rh1+ 18. Ke2 Ne8 19. Qd2 Bh4 20. Rg2 Bg3 21. Rxg3
R8h2+ 22. Bf2 Qe7 23. g5 Qf8 24. Rd1 Qh8 25. Ng2 Rxd1 26. Kxd1 Rh1+ 27. Ne1 Qh2
28. Qe3 Rf1 29. Ke2 Qh1 30. Rg1 Rxg1 31. Bxg1 1-0

[Event "Students Op 2013"]
[Site "Ulyanovsk"]
[Date "2013.03.23"]
[Round "1.4"]
[White "Zubov, Anton"]
[Black "Olisov, Andrey"]
[Result "0-1"]
[WhiteElo "1537"]
[BlackElo "2149"]
[PlyCount "80"]
[EventDate "2013.04.07"]
[EventType "swiss"]
[EventRounds "9"]
[EventCountry "RUS"]
[SourceDate "2005.09.12"]

1. c4 g6 2. d4 Nf6 3. Nf3 Bg7 4. Nc3 O-O 5. e4 d6 6. Bd3 Nbd7 7. O-O e5 8. d5
Nh5 9. Ne2 h6 10. Ng3 Nf4 11. Bxf4 exf4 12. Ne2 Bxb2 13. Rb1 Be5 14. Qd2 Qf6
15. Nxe5 dxe5 16. f3 Nc5 17. Bc2 g5 18. g4 fxg3 19. hxg3 h5 20. Kg2 Kg7 21. Rh1
Rh8 22. Ng1 b6 23. Qe2 h4 24. g4 Qe7 25. Nh3 f6 26. Rhd1 Rd8 27. Qe3 Bd7 28.
Qa3 Kf7 29. Qb4 Nb7 30. Qxe7+ Kxe7 31. Bb3 a6 32. Rdc1 Rdb8 33. Rc3 Nc5 34. Ra1
c6 35. a4 cxd5 36. exd5 Kd6 37. Kf2 b5 38. axb5 axb5 39. Rxa8 Rxa8 40. cxb5 Ra3
0-1

[Event "Students Op 2013"]
[Site "Ulyanovsk"]
[Date "2013.03.23"]
[Round "1.5"]
[White "Arslanov, Ildar"]
[Black "Breskanu, Nikita"]
[Result "1-0"]
[WhiteElo "2138"]
[BlackElo "1489"]
[PlyCount "139"]
[EventDate "2013.04.07"]
[EventType "swiss"]
[EventRounds "9"]
[EventCountry "RUS"]
[SourceDate "2005.09.12"]

1. c4 c6 2. Nc3 d5 3. e3 Nf6 4. Nf3 Bg4 5. h3 Bh5 6. Qb3 Bxf3 7. Qxb7 Nbd7 8.
gxf3 Qc8 9. Qxc8+ Rxc8 10. d4 e5 11. dxe5 Nxe5 12. cxd5 Nxd5 13. Nxd5 cxd5 14.
Bb5+ Kd8 15. f4 Bb4+ 16. Kf1 Nc4 17. Ke2 Nxb2 18. Rb1 Rc2+ 19. Kf3 Ba3 20. Ba4
Nxa4 21. Bxa3 Kc7 22. Rhc1 Rc4 23. Rb4 Nb6 24. Rbxc4+ Nxc4 25. Bc5 a6 26. Bd4
f6 27. e4 Kd6 28. exd5 Kxd5 29. Bc3 Rb8 30. Rg1 Rb7 31. Rd1+ Ke6 32. Rd8 Rb1
33. Ra8 Rb6 34. Ra7 Rd6 35. Ke2 Kf5 36. Rxg7 Re6+ 37. Kf3 Rd6 38. Kg2 Rd3 39.
Bb4 a5 40. Bf8 Rd2 41. a3 Kxf4 42. Rg4+ Kf5 43. Rxc4 Rd8 44. Bh6 Rg8+ 45. Kf3
Rb8 46. Be3 Rb5 47. a4 Rd5 48. Rc5 Ke6 49. Rxd5 Kxd5 50. Bd2 Kc4 51. Bxa5 Kb3
52. Bd8 Kxa4 53. Bxf6 Kb5 54. Ke4 Kc6 55. Kf5 Kd5 56. f4 Kd6 57. Bg5 Kd5 58.
Kf6 Ke4 59. Kg7 h5 60. Kg6 h4 61. Kh5 Kf5 62. Kxh4 Kg6 63. Kg4 Kg7 64. Kf5 Kh7
65. h4 Kg8 66. Kg6 Kf8 67. Bf6 Ke8 68. Bg7 Ke7 69. f5 Kd6 70. f6 1-0

[Event "Students Op 2013"]
[Site "Ulyanovsk"]
[Date "2013.03.24"]
[Round "2.1"]
[White "Gabunov, Fail"]
[Black "Ulanov, Alexandr"]
[Result "0-1"]
[WhiteElo "1818"]
[BlackElo "2390"]
[PlyCount "78"]
[EventDate "2013.04.07"]
[EventType "swiss"]
[EventRounds "9"]
[EventCountry "RUS"]
[SourceDate "2005.09.12"]

1. d4 Nf6 2. c4 g6 3. Nc3 Bg7 4. e4 O-O 5. f4 d6 6. Be2 e5 7. fxe5 dxe5 8. d5
Na6 9. Be3 Qe7 10. a3 Nc5 11. Bf3 a5 12. Rb1 a4 13. Nge2 Ng4 14. Bxg4 Bxg4 15.
O-O f5 16. b4 axb3 17. exf5 gxf5 18. Kh1 Rxa3 19. Bxc5 Qxc5 20. Rxb3 Ra7 21. h3
Bh5 22. g4 Bg6 23. d6 cxd6 24. Nd5 Qxc4 25. Ne7+ Kh8 26. Nxg6+ hxg6 27. Rc3
Qe4+ 28. Kh2 Ra2 29. Re1 fxg4 30. Kg1 Bh6 31. Qd3 Qxd3 32. Rxd3 e4 33. Rxd6
Be3+ 34. Kh1 Rf2 35. Rxg6 Raxe2 36. Rxe2 Rxe2 37. Rxg4 Bc5 38. Rg5 b6 39. Re5
e3 0-1

[Event "Students Op 2013"]
[Site "Ulyanovsk"]
[Date "2013.03.24"]
[Round "2.2"]
[White "Peruhin, Anatoliy"]
[Black "Mirzaev, Aziz"]
[Result "0-1"]
[WhiteElo "1633"]
[BlackElo "2182"]
[PlyCount "68"]
[EventDate "2013.04.07"]
[EventType "swiss"]
[EventRounds "9"]
[EventCountry "RUS"]
[SourceDate "2005.09.12"]

1. d4 Nf6 2. Nf3 e6 3. e3 c5 4. b3 Be7 5. Bd3 O-O 6. O-O Nc6 7. Bb2 b6 8. Nbd2
d5 9. a3 Bb7 10. Qe2 Rc8 11. Ne5 Na5 12. c3 Ne4 13. Nef3 f5 14. b4 Nc6 15. Rac1
c4 16. Bc2 Bd6 17. g3 Qc7 18. Kg2 Rf6 19. Rh1 Rcf8 20. Rcf1 Rh6 21. Qe1 a6 22.
Ng1 g5 23. f4 Qg7 24. Ne2 Ne7 25. Nf3 gxf4 26. exf4 Qg4 27. Ne5 Qh3+ 28. Kf3
Bxe5 29. fxe5 Ng6 30. Ke3 Rh4 31. Nf4 Nxf4 32. Rxf4 Rxf4 33. Kxf4 Qg4+ 34. Ke3
f4+ 0-1

[Event "Students Op 2013"]
[Site "Ulyanovsk"]
[Date "2013.03.24"]
[Round "2.3"]
[White "Olisov, Andrey"]
[Black "Usachev, Andrey"]
[Result "1-0"]
[WhiteElo "2149"]
[BlackElo "1893"]
[PlyCount "125"]
[EventDate "2013.04.07"]
[EventType "swiss"]
[EventRounds "9"]
[EventCountry "RUS"]
[SourceDate "2005.09.12"]

1. e4 e6 2. d4 d5 3. e5 c5 4. c3 Nc6 5. Nf3 Qb6 6. a3 cxd4 7. cxd4 Nge7 8. b4
a6 9. Bd3 Bd7 10. Bb2 Ng6 11. g3 Be7 12. h4 h6 13. Nbd2 a5 14. b5 Nd8 15. a4
Bb4 16. Kf1 O-O 17. Kg2 f5 18. exf6 Rxf6 19. h5 Nf8 20. Ne5 Be8 21. Rc1 Nd7 22.
Ndf3 Bd6 23. Bb1 Nf8 24. Qe2 Nh7 25. Qd3 Nf8 26. Rh3 Nc6 27. Qe2 Nd8 28. g4 Nf7
29. Qd2 Nxe5 30. Nxe5 Qd8 31. f4 Bxe5 32. dxe5 Rf7 33. Bd4 b6 34. Rg3 Rb7 35.
g5 hxg5 36. Rxg5 Rc8 37. h6 Rxc1 38. Qxc1 g6 39. Qe3 Kh7 40. Rg3 Qc7 41. Bd3
Qd8 42. Qc1 Qb8 43. Qb1 Qc8 44. Kf3 Qd8 45. Rg4 Qc8 46. Ke2 Rc7 47. Bxb6 Rc1
48. Qb2 Rh1 49. Qa3 Rh2+ 50. Bf2 Kg8 51. Rh4 Rxh4 52. Bxh4 g5 53. Qe7 Qd7 54.
Qxd7 Nxd7 55. Bxg5 Bh5+ 56. Kd2 Bf3 57. Bd8 Be4 58. Bxe4 dxe4 59. Bxa5 Nc5 60.
Ke3 Kh7 61. Bb6 Nxa4 62. Bd4 Nb2 63. Bxb2 1-0

[Event "Students Op 2013"]
[Site "Ulyanovsk"]
[Date "2013.03.24"]
[Round "2.4"]
[White "Golubchikov, Alexey"]
[Black "Arslanov, Ildar"]
[Result "1/2-1/2"]
[WhiteElo "1763"]
[BlackElo "2138"]
[PlyCount "64"]
[EventDate "2013.04.07"]
[EventType "swiss"]
[EventRounds "9"]
[EventCountry "RUS"]
[SourceDate "2005.09.12"]

1. e4 c5 2. c3 Nf6 3. e5 Nd5 4. d4 cxd4 5. cxd4 e6 6. Nc3 Nxc3 7. bxc3 Qc7 8.
Bd2 d6 9. f4 Nc6 10. Bd3 Bd7 11. Nf3 Na5 12. O-O Nc4 13. exd6 Bxd6 14. Ne5 Bxe5
15. fxe5 Nb2 16. Qc2 Nxd3 17. Qxd3 Bc6 18. Rf2 Bd5 19. Qb5+ Qc6 20. Qxc6+ Bxc6
21. Raf1 O-O 22. a3 Be4 23. Rf4 Bg6 24. Ra1 Rfc8 25. Rff1 Rc4 26. Ra2 Rac8 27.
Rb2 Ra4 28. Ra1 Be4 29. Rb4 Ra6 30. Rb2 Ra4 31. Rb4 Ra6 32. Rb2 Ra4 1/2-1/2

[Event "Students Op 2013"]
[Site "Ulyanovsk"]
[Date "2013.03.24"]
[Round "2.5"]
[White "Saveliev, Dmitri"]
[Black "Sounov, Batyr"]
[Result "1-0"]
[WhiteElo "2106"]
[BlackElo "1877"]
[PlyCount "97"]
[EventDate "2013.04.07"]
[EventType "swiss"]
[EventRounds "9"]
[EventCountry "RUS"]
[SourceDate "2005.09.12"]

1. d4 Nf6 2. Nc3 g6 3. e4 d6 4. f3 Bg7 5. Be3 Nbd7 6. Qd2 c6 7. g4 e5 8. O-O-O
O-O 9. dxe5 dxe5 10. Nge2 Qa5 11. Ng3 Nb6 12. Bh6 Be6 13. Bxg7 Kxg7 14. Nh5+
Nxh5 15. gxh5 Bxa2 16. h6+ Kg8 17. Qd6 Be6 18. Nd5 Qa1+ 19. Kd2 Qxb2 20. Nf6+
Kh8 21. Ke1 Na4 22. Nd7 Rfe8 23. Nxe5 Qc3+ 24. Kf2 Qc5+ 25. Qd4 f6 26. Nc4 Red8
27. Qxc5 Nxc5 28. Be2 Kg8 29. Rxd8+ Rxd8 30. Ra1 Rd4 31. Ke3 Rd7 32. Rxa7 Kf7
33. Ra8 g5 34. Nb6 Re7 35. Ra5 Nd7 36. Nc8 Kf8 37. Nxe7 Kxe7 38. f4 gxf4+ 39.
Kxf4 Kd6 40. Ra8 Ne5 41. Bh5 Bf7 42. Bxf7 Nxf7 43. Rb8 b5 44. Rb7 Ke6 45. Rc7
Nxh6 46. Rxc6+ Kf7 47. Rb6 Kg6 48. Rxb5 Nf7 49. Rd5 1-0

[Event "Students Op 2013"]
[Site "Ulyanovsk"]
[Date "2013.03.24"]
[Round "2.6"]
[White "Samborskiy, Vadim"]
[Black "Lukianov, Alexander"]
[Result "1-0"]
[WhiteElo "2080"]
[BlackElo "1837"]
[PlyCount "77"]
[EventDate "2013.04.07"]
[EventType "swiss"]
[EventRounds "9"]
[EventCountry "RUS"]
[SourceDate "2005.09.12"]

1. e4 c6 2. d4 d5 3. e5 c5 4. c3 Nc6 5. a3 Bf5 6. Nf3 e6 7. b4 cxd4 8. cxd4 Rc8
9. Nbd2 Qb6 10. Nb3 Nxb4 11. axb4 Bc2 12. Qe2 Bxb3 13. Qb5+ Qxb5 14. Bxb5+ Kd8
15. Bd2 a6 16. Bd3 Ne7 17. Ng5 Ke8 18. b5 axb5 19. Bxb5+ Nc6 20. Ra7 Bc4 21.
Bxc6+ Rxc6 22. Rxb7 f6 23. exf6 gxf6 24. Nxh7 Ra6 25. Nxf6+ Kd8 26. Rb1 Bg7 27.
Bg5 Kc7 28. Bf4+ Kc6 29. Be5 Ra2 30. Ng4 Rg8 31. Bxg7 Rxg7 32. Ne5+ Kd6 33.
Nxc4+ dxc4 34. O-O Rg4 35. Rfd1 Re4 36. Rb6+ Kc7 37. Rb4 Rc2 38. Kf1 Ree2 39.
Rxc4+ 1-0

[Event "Students Op 2013"]
[Site "Ulyanovsk"]
[Date "2013.03.24"]
[Round "2.7"]
[White "Sokolov, Anton V"]
[Black "Parfenov, Vladimir"]
[Result "0-1"]
[WhiteElo "1699"]
[BlackElo "2063"]
[PlyCount "66"]
[EventDate "2013.04.07"]
[EventType "swiss"]
[EventRounds "9"]
[EventCountry "RUS"]
[SourceDate "2005.09.12"]

1. e4 e5 2. Nf3 Nc6 3. Bb5 f5 4. Bxc6 dxc6 5. Nxe5 Qd4 6. Nf3 Qxe4+ 7. Qe2
Qxe2+ 8. Kxe2 Bd6 9. Re1 Ne7 10. Kf1 O-O 11. Nc3 Bd7 12. d3 Rae8 13. Bd2 h6 14.
Re2 Nd5 15. Rae1 b5 16. a3 Rxe2 17. Rxe2 Re8 18. Nd4 Rxe2 19. Kxe2 Nxc3+ 20.
Bxc3 c5 21. Nf3 Bc6 22. Nh4 Bd7 23. Nf3 g5 24. h3 Bc6 25. Ne1 Kf7 26. f3 b4 27.
axb4 cxb4 28. Bd4 a5 29. b3 Ke6 30. Bg7 h5 31. g4 h4 32. Ng2 fxg4 33. hxg4 h3
0-1

[Event "Students Op 2013"]
[Site "Ulyanovsk"]
[Date "2013.03.24"]
[Round "2.8"]
[White "Beldyugin, Alexey"]
[Black "Bataev, Victor"]
[Result "1-0"]
[WhiteElo "2061"]
[BlackElo "1764"]
[PlyCount "219"]
[EventDate "2013.04.07"]
[EventType "swiss"]
[EventRounds "9"]
[EventCountry "RUS"]
[SourceDate "2005.09.12"]

1. b3 Nf6 2. Bb2 d5 3. e3 g6 4. f4 Bg7 5. Nf3 Nbd7 6. Be2 O-O 7. O-O c5 8. Ne5
Qc7 9. Bf3 e6 10. d3 Nxe5 11. Bxe5 Qb6 12. c4 Rd8 13. Qc2 Ne8 14. Bxg7 Nxg7 15.
e4 dxc4 16. dxc4 Bd7 17. Nc3 Bc6 18. g4 Rd4 19. Ne2 Rd7 20. Rad1 Rad8 21. Rxd7
Rxd7 22. Rd1 Qd8 23. Rxd7 Qxd7 24. Kf2 f5 25. Ke3 fxg4 26. Bxg4 Qe7 27. Qd1 e5
28. Qf1 Qh4 29. Qh3 exf4+ 30. Nxf4 Qe1+ 31. Ne2 h5 32. Be6+ Kh7 33. Bd5 Qa1 34.
Qc8 Be8 35. Qxc5 Qxa2 36. b4 Qb2 37. Qxa7 Qxb4 38. Qxb7 Qa3+ 39. Kf2 Qf8+ 40.
Ke1 Qd6 41. h3 Qh2 42. Qc8 Qe5 43. Qc5 Qa1+ 44. Kf2 Qf6+ 45. Kg2 Bd7 46. Qe3
Qe5 47. Qf4 Qb2 48. Qf2 Qe5 49. Qf8 Qg5+ 50. Kh1 Be6 51. Qf4 Qe7 52. Qe5 Qd7
53. Nf4 Bxh3 54. Qg5 Qg4 55. Nxh3 Qxh3+ 56. Kg1 Qc3 57. Kf1 Qd3+ 58. Ke1 Qc3+
59. Kd1 Qb3+ 60. Kd2 Qb2+ 61. Kd3 Qb3+ 62. Kd4 Qb6+ 63. Kc3 Qa5+ 64. Kd3 Qa3+
65. Kd4 Qa7+ 66. c5 Qa1+ 67. Kd3 Qa3+ 68. Ke2 Qb2+ 69. Kf3 Qc3+ 70. Qe3 Qf6+
71. Kg2 Qe5 72. Qg3 Qb2+ 73. Qf2 Qc1 74. c6 Qg5+ 75. Qg3 Qd2+ 76. Kh3 Qc1 77.
Kh2 Qb2+ 78. Kh1 Qc2 79. Qg2 Qc1+ 80. Qg1 Qc3 81. Kg2 g5 82. Qf2 g4 83. Qf4
Qh3+ 84. Kf2 h4 85. e5 g3+ 86. Ke2 g2 87. Qe4+ Kh6 88. Qxg2 Qxg2+ 89. Bxg2 Ne6
90. Ke3 Kg5 91. Bh3 Nc7 92. Bd7 Kg6 93. Kf4 Kf7 94. Kg5 Ke7 95. Kxh4 Nd5 96.
Kg4 Ne3+ 97. Kf4 Nd5+ 98. Ke4 Nc7 99. Kd4 Kd8 100. Kc5 Ke7 101. Kb6 Kd8 102. e6
Nd5+ 103. Kb7 Nf6 104. c7+ Ke7 105. c8=Q Ne4 106. Qe8+ Kf6 107. Qf8+ Ke5 108.
e7 Nc5+ 109. Kc8 Ne4 110. e8=Q+ 1-0

[Event "Students Op 2013"]
[Site "Ulyanovsk"]
[Date "2013.03.24"]
[Round "2.9"]
[White "Logunova, Elizaveta"]
[Black "Kovtun, Sergey"]
[Result "0-1"]
[WhiteElo "1599"]
[BlackElo "2025"]
[PlyCount "54"]
[EventDate "2013.04.07"]
[EventType "swiss"]
[EventRounds "9"]
[EventCountry "RUS"]
[SourceDate "2005.09.12"]

1. d4 Nf6 2. Nf3 e6 3. Bf4 b6 4. e3 Bb7 5. Be2 Be7 6. O-O O-O 7. c4 Nh5 8. Bg3
Nxg3 9. hxg3 d6 10. Nc3 f5 11. Qb3 Rf6 12. Rfd1 Nd7 13. d5 e5 14. Ng5 Nc5 15.
Qc2 Rh6 16. Nh3 Qf8 17. b4 Na6 18. a3 Bc8 19. Bf1 g5 20. Qe2 g4 21. Nf4 exf4
22. exf4 Bf6 23. Rac1 Qf7 24. f3 Bd7 25. c5 Qg7 26. Qxa6 Bd4+ 27. Rxd4 Qxd4#
0-1

[Event "Students Op 2013"]
[Site "Ulyanovsk"]
[Date "2013.03.24"]
[Round "2.10"]
[White "Uryadov, Sergey S"]
[Black "Drozhdin, Vladimir"]
[Result "1-0"]
[WhiteElo "1977"]
[BlackElo "1752"]
[PlyCount "39"]
[EventDate "2013.04.07"]
[EventType "swiss"]
[EventRounds "9"]
[EventCountry "RUS"]
[SourceDate "2005.09.12"]

1. d4 f5 2. g3 Nf6 3. Bg2 e6 4. Nf3 d6 5. O-O Be7 6. c4 O-O 7. Nc3 c6 8. Qc2
Qe8 9. e4 fxe4 10. Nxe4 Nxe4 11. Qxe4 Bd8 12. Bf4 Bc7 13. Ng5 g6 14. Bh3 Rf6
15. Rae1 d5 16. cxd5 cxd5 17. Qxd5 Bxf4 18. gxf4 Qc6 19. Qd8+ Rf8 20. Qe7 1-0